00722cam a22002291 4500001001300000003000400013005001700017007001500034008004100049010001700090035002000107040001800127042001200145050002500157100002000182245007200202260007000274300001800344500001000362530006900372856005100441ca 22000623 DLC20260227111110.0cr_|||||||||||840127s1922 ilu 000 0 eng  aca 22000623  a(OCoLC)10343764 aDLCcNhDdDLC apremarc00aPS3525.U655bJ8 19221 aMurdock, Moore.10aJudas redeemed;ba drama, revealed by authority,cby Moore Murdock. aChicago, Ill.,bYogi Publication Society, Masonic Templec[c1922] a21 p.c15 cm. aPoem. aAlso available in digital form on the Internet Archive Web site.41uhttp://hdl.loc.gov/loc.gdc/scd0001.00183482142